Informe del estudio realizado con el modelo concentrable para Costa Rica
محفوظ في:
| المؤلف الرئيسي: | |
|---|---|
| مؤلفون آخرون: | |
| التنسيق: | كتاب |
| اللغة: | Spanish |
| منشور في: |
[San José, Costa Rica]
1976
|
| الموضوعات: | |
| الوسوم: |
إضافة وسم
لا توجد وسوم, كن أول من يضع وسما على هذه التسجيلة!
|
MARC
| LEADER | 00000nam a2200000Ia 4500 | ||
|---|---|---|---|
| 003 | 001958 | ||
| 005 | 20221231143952.0 | ||
| 008 | 140114s1976 cr a 000 ||spa d | ||
| 040 | |c cru CEDI | ||
| 082 | |a 621.312.134 S848i | ||
| 100 | |a Soto C., Manuel |9 21026 | ||
| 245 | |a Informe del estudio realizado con el modelo concentrable para Costa Rica | ||
| 260 | |a [San José, Costa Rica] |c 1976 | ||
| 300 | |a 45 páginas | ||
| 500 | |a Datos tomado de la cubierta. Estudio preparado por los Ingenieros Mauel Soto C. Oficina de Programas de Generación y Roberto E. Vargas, Oficina de Programas de Trasmisión de la Dirección de Electrificación del Instituto Costarricense de Electricidad | ||
| 650 | |x ESCURRIMIENTO |x CENTRALES HIDROELECTRICAS |x ENERGIA HIDRAULICA |9 21028 | ||
| 700 | |9 21027 |a Vargas, Roberto E | ||
| 942 | |2 ddc |c BK | ||
| 999 | |c 14947 |d 14947 | ||
